00971naa#a2200181#i#4500001002300000005001700023011001400040100004100054102000700095200019200102210016900294215001100463608004500474675020400519700002600723700002600749856001400775RU\INFRA-M\bibl\10896420260515014427.5##a2587-6295##a20260331b2026####ek#y0rusy0150####ca##aRU1#aТорговая война между США и Китаем как элемент протекционистской политики Д. ТрампаeЖурнальная статья1#aМоскваcОбщество с ограниченной ответственностью «Научно-издательский центр ИНФРА-М»d2026##a16 с.##aЖурнальная статья2local##aОказание политического влияния на другие государства. 327.8aТорговая война. Таможенная война. 339.548aПолитика. 32#1aФурсовgС. В.#1aШумкинgА. В.4#azh-szf.ru